| 000 | 01218nam a2200265Ia 4500 | ||
|---|---|---|---|
| 003 | Ost | ||
| 005 | 20260507074916.0 | ||
| 008 | 260507s9999||||xx |||||||||||||| ||und|| | ||
| 020 | _a93473299579 | ||
| 040 | _cfsecg | ||
| 041 | _aara | ||
| 082 | _a658.3 | ||
| 100 |
_aعياصرة، معن محمود _eمؤلف |
||
| 245 | 0 |
_aإدارة الصراع والأزمات وضغوط العمل / _c معن محمود عياصرة |
|
| 260 |
_aعمان: _bدار الحامد, _c2008 |
||
| 300 |
_a167 صفحة؛ _bإيضاحات ؛ _c25 سم |
||
| 504 | _aببليوغرافيا: ص.161 | ||
| 520 | _aمفهوم الصراع، الصراع التنظيمي، ادارة الصراع التنظيمي، ادارة الأزمات، ضغوط العمل، ضغوط العمل مراحله اهم المناظير لإدارته، أنواع وآثار ضغوط العمل، علاقة ادارة الصراع وضغوط العمل بنظريات العلاقات الانسانية | ||
| 653 | _aادارة الأعمال | ||
| 653 | _aادارة الأفراد | ||
| 653 | _aالادارة | ||
| 653 | _aالعمل | ||
| 700 |
_aبني احمد، مروان محمد _eمؤلف ثانوي |
||
| 942 | _cكتاب | ||
| 999 |
_c41773 _d41773 |
||